000 00722nam0a22002531 4500
001 rc\206071
005 20250620232356.0
010 _a5-7027-0199-2
_920000
035 _a(NLR Aleph) 005457625
090 _a4924092
_c4924092
100 _a20030307d1995 |||y0rusy50 ca
101 0 _arus
102 _aRU
105 _aa |||||||||
200 1 _aИстория Советского Союза, 1917-1991
_e[Пер. с англ.]
205 _a2-е изд., испр. и доп.
210 _aМ.
_cВагриус
_d1995
215 _a510 с.
_cил.
_d22
700 1 _aХоскинг
_bД.
_gДжеффри
801 0 _aRU
_bNLR
_gpsbo
801 1 _aRU
_bELAR
_2rusmarc
852 _aNLR
_j96-5/684
942 _cBOOK
980 _aNB